La base molecular de la vida / (Record no. 29880)

MARC details
000 -LEADER
campo de control de longitud fija 00952nam a2200265 i 4500
001 - NÚMERO DE CONTROL
campo de control 29880
003 - IDENTIFICADOR DE NÚMERO DE CONTROL
campo de control ES-MaACL
005 - FECHA Y HORA DE LA ÚLTIMA TRANSACCIÓN
campo de control 20250722131801.0
007 - CAMPO FIJO DE DESCRIPCIÓN FÍSICA--INFORMACIÓN GENERAL
campo de control de longitud fija t|
008 - DATOS DE LONGITUD FIJA--INFORMACIÓN GENERAL
campo de control de longitud fija 030123s1971 sp ||||1| spa d
245 03 - MENCIÓN DEL TÍTULO
Título La base molecular de la vida /
Mención de responsabilidad, etc. versión española dirigida por Julio R. Villanueva ; traductores, Isabel García Acha, Manuel Losada, Claudio Fernández de Heredia.
250 ## - MENCION DE EDICION
Mención de edición 1ª ed.
260 ## - PUBLICACIÓN, DISTRIBUCIÓN, ETC.
Lugar de publicación, distribución, etc. Madrid :
Nombre del editor, distribuidor, etc. Blume,
Fecha de publicación, distribución, etc. 1971.
300 ## - DESCRIPCIÓN FÍSICA
Extensión 433 p. :
Otras características físicas il. col. ;
Dimensiones 28 cm.
490 1# - MENCIÓN DE SERIE
Mención de serie Selecciones de Scientific American
650 #4 - PUNTO DE ACCESO ADICIONAL DE MATERIA--TÉRMINO DE MATERIA
Término de materia o nombre geográfico como elemento de entrada Biología molecular.
9 (RLIN) 10589
700 1# - ENTRADA AGREGADA--NOMBRE PERSONAL
Nombre de persona Villanueva, Julio R.
9 (RLIN) 181288
700 1# - ENTRADA AGREGADA--NOMBRE PERSONAL
Nombre de persona García Acha, Isabel.
9 (RLIN) 54115
700 1# - ENTRADA AGREGADA--NOMBRE PERSONAL
Nombre de persona Losada Villasante, Manuel,
Fechas asociadas al nombre 1929-
9 (RLIN) 172022
700 1# - ENTRADA AGREGADA--NOMBRE PERSONAL
Nombre de persona Fernández de Heredia, Claudio.
9 (RLIN) 49664
710 2# - ENTRADA AGREGADA--NOMBRE DE ENTIDAD CORPORATIVA
Nombre de entidad corporativa o nombre de jurisdicción como elemento de entrada Scientific American.
9 (RLIN) 6515
830 1# - PUNTO DE ACCESO ADICIONAL DE SERIE-TÍTULO UNIFORME
Título uniforme Selecciones de Scientific American
9 (RLIN) 181289
852 ## - LOCALIZACIÓN
Ubicación ES-MaACL
Número de control de estantería A-5956
Holdings
Estatus retirado Estado de pérdida Estado de daño No para préstamo Biblioteca de origen Biblioteca actual Ubicación en estantería Fecha de adquisición Fuente de adquisición Total de préstamos Signatura topográfica completa Código de barras Visto por última vez Precio de reemplazo Tipo de ítem Koha
        Biblioteca del Ateneo de Madrid Biblioteca del Ateneo de Madrid Sala Pecera Planta 1 17/01/2008     A-5956 1030849 23/02/2023 23/02/2023 Libro impreso